000 00600nam a2200205Ia 4500
005 20250326141051.0
008 250326s9999 xx 000 0 und d
020 _a0-07-016988-8
037 _aTextbook
040 _aFMSL
_beng
_cFMSL
041 _aeng
_2eng
084 _aX:89A N2
_qFMSL
100 _aDilworth J B
_9743544
245 0 _aOperations management: design planning and control for manufacturing and Service.
_cDilworth J B
250 _a2
260 _aNew York
_bNew York, McGraw-Hill
_c1992
300 _a751p
942 _cTB
_hX:89A N2
999 _c1288547
_d1288547